000 00199 a2200085 4500
020 _a9780851392134
100 _aCecil C. Handisyde
245 _aEverday Details
260 _bButterworth Architecture
_c1979
999 _c13280
_d13280